Brain functions - Statistics

General Stats
  • This quiz has been taken 17 times
  • The average score is 6 of 9
Answer Stats
Question Answer % Correct
Which of these demonstrates QUALITATIVE change? A student becomes more motivated and engaged in class
88%
Which of these demonstrates QUANTITATIVE change? A student improves their test score from 65% to 85% over a semester
88%
What is plasticity The ability of the brain to be affected by experience
88%
Which of these are in the limbic area of the brain? Amygdala
75%
People develop at different rates? True
69%
What is the frontal lobe responsible for? Body movement and coordination
50%
Who does Jack go for in AFL Collingwood
44%
At birth, how many neurons has an infants brain have? 100 billion to 200 billion
38%
How long have scientists known that it is more effective to learn in many short sessions than one big cramming session? 100 years
25%
No matching quizzes found
Score Distribution
Percent of People with Each Score
Percentile by Number Answered
Your Score History
You have not taken this quiz